[Event "2.BLW"]
[Site "?"]
[Date "2006.12.02"]
[Round "4"]
[White "Lanka, Zigurds"]
[Black "Halasz, Tamas"]
[Result "1/2-1/2"]
[WhiteElo "2498"]
[BlackElo "2357"]
[PlyCount "73"]
[EventDate "2006.??.??"]
[SourceDate "2006.10.21"]

1. e4 e5 2. Nf3 Nf6 3. Nxe5 d6 4. Nf3 Nxe4 5. d4 d5 6. Bd3 Nc6 7. O-O Be7 8. h3
O-O 9. a3 Bf5 10. c4 Bf6 11. Be3 dxc4 12. Bxc4 Qd7 13. Nc3 Nxc3 14. bxc3 Rad8
15. Re1 Na5 16. Ba2 Be6 17. Bxe6 Qxe6 18. Bg5 Qf5 19. Bxf6 Qxf6 20. Qa4 b6 21.
Ne5 Qd6 22. Re3 f6 23. Nd3 Qd7 24. Qc2 Rde8 25. Rae1 Rxe3 26. Rxe3 Nc4 27. Qb3
Qf7 28. Re1 Na5 29. Qb5 c6 30. Qa6 Qc4 31. Qxc4+ Nxc4 32. Re6 Rc8 33. Re7 Nxa3
34. Nf4 Nb5 35. Ne6 g6 36. c4 Nd6 37. c5 1/2-1/2

[Event "2.BLW"]
[Site "?"]
[Date "2006.12.02"]
[Round "4"]
[White "Blaskowski, Johannes"]
[Black "Maiwald, Jens Uwe"]
[Result "1/2-1/2"]
[WhiteElo "2342"]
[BlackElo "2489"]
[PlyCount "91"]
[EventDate "2006.??.??"]
[SourceDate "2006.10.21"]

1. e4 c5 2. Nf3 e6 3. d4 cxd4 4. Nxd4 Nc6 5. Nc3 Qc7 6. Be3 a6 7. Qd2 Nxd4 8.
Bxd4 b5 9. O-O-O Ne7 10. Qe3 Rb8 11. f4 Nc6 12. Nd5 exd5 13. exd5+ Ne7 14. d6
Qxd6 15. Bxg7 Qxd1+ 16. Kxd1 Bxg7 17. f5 d6 18. Bd3 Be5 19. Re1 Bxf5 20. Qa7
Rc8 21. Qxa6 Bxd3 22. cxd3 O-O 23. d4 Bf6 24. Qxd6 Rc6 25. Qd7 Rc4 26. Re4 Rfc8
27. Rg4+ Ng6 28. Qxb5 Bxd4 29. h4 R4c5 30. Qd7 Bg7 31. Qd2 Bf6 32. b4 Rf5 33.
Re4 Rd8 34. Qxd8+ Bxd8 35. Re8+ Kg7 36. Rxd8 Nxh4 37. Rd4 Rf1+ 38. Ke2 Nf5 39.
Rg4+ Kf6 40. a4 Ra1 41. b5 Ke5 42. Rb4 Nd4+ 43. Kd3 Ra3+ 44. Kc4 Nc2 45. Rb2
Nd4 46. Rb4 1/2-1/2

[Event "2.BLW"]
[Site "?"]
[Date "2006.12.02"]
[Round "4"]
[White "Gross, David"]
[Black "Neuschmied, Siegfried"]
[Result "1-0"]
[WhiteElo "2478"]
[BlackElo "2295"]
[PlyCount "95"]
[EventDate "2006.??.??"]
[SourceDate "2006.10.21"]

1. e4 c6 2. d4 d5 3. e5 Bf5 4. Nf3 e6 5. Be2 Nd7 6. O-O h6 7. b3 g5 8. c4 Ne7
9. Na3 Bg7 10. Nc2 Bh7 11. Ne3 O-O 12. h4 gxh4 13. cxd5 Nxd5 14. Nxd5 cxd5 15.
Ba3 Re8 16. Bd3 Nf8 17. Bb5 Nd7 18. Bxd7 Qxd7 19. Nxh4 Rac8 20. Qh5 Bd3 21.
Rfe1 Kh7 22. Re3 Bg6 23. Qg4 h5 24. Qh3 Rg8 25. Rc1 Rxc1+ 26. Bxc1 Rc8 27. Ba3
Rc2 28. Nxg6 fxg6 29. g4 Bh6 30. Rf3 Rxa2 31. gxh5 g5 32. Bd6 g4 33. Qxg4 Qg7
34. Qxg7+ Kxg7 35. Rf6 Bd2 36. h6+ Kh7 37. Bf8 b5 38. Rf7+ Kh8 39. h7 Bg5 40.
b4 a5 41. bxa5 Rxa5 42. Kg2 Ra1 43. f4 Bh4 44. Bh6 Ra3 45. Bg5 Rg3+ 46. Kh2
Rxg5 47. fxg5 Bxg5 48. Kh3 1-0

[Event "2.BLW"]
[Site "?"]
[Date "2006.12.02"]
[Round "4"]
[White "Grundherr, Martin"]
[Black "Tabernig, Bernhard"]
[Result "0-1"]
[WhiteElo "2304"]
[BlackElo "2292"]
[PlyCount "110"]
[EventDate "2006.??.??"]
[SourceDate "2006.10.21"]

1. Nf3 d5 2. c4 e6 3. g3 c6 4. Qc2 dxc4 5. Qxc4 b5 6. Qc2 Bb7 7. Bg2 Nf6 8. O-O
c5 9. a4 b4 10. b3 Nbd7 11. Bb2 Be7 12. d3 O-O 13. Nbd2 Nd5 14. e4 N5f6 15. e5
Nd5 16. Ne4 h6 17. Nfd2 Qc7 18. Nc4 Rad8 19. Rae1 Ba6 20. f4 N5b6 21. f5 exf5
22. Rxf5 Nxc4 23. dxc4 Bc8 24. Nf6+ Nxf6 25. exf6 Bxf6 26. Bxf6 gxf6 27. Rxf6
Rd6 28. Qf2 Qb6 29. Rxd6 Qxd6 30. Bd5 Kg7 31. Rf1 f5 32. Re1 Bd7 33. Qb2+ Kg6
34. Qe5 Qxe5 35. Rxe5 Re8 36. Rxe8 Bxe8 37. Bf3 f4 38. Be4+ Kg5 39. Kf2 Bd7 40.
Bc2 Kg4 41. Be4 a5 42. Kg2 Kg5 43. Kf2 Bh3 44. Bd3 h5 45. Be4 h4 46. Bd3 Bg4
47. gxh4+ Kxh4 48. Be2 Bf5 49. Kf3 Bg4+ 50. Kf2 Bf5 51. Kf3 Bc2 52. Kxf4 Bxb3
53. Bd3 Bxa4 54. Ke5 Bd1 55. Kd5 a4 0-1

[Event "2.BLW"]
[Site "?"]
[Date "2006.12.02"]
[Round "4"]
[White "Schiestl, Josef"]
[Black "Mittelberger, Peter"]
[Result "1/2-1/2"]
[WhiteElo "2144"]
[BlackElo "2244"]
[PlyCount "27"]
[EventDate "2006.??.??"]
[SourceDate "2006.10.21"]

1. e4 d6 2. d4 Nf6 3. Nc3 g6 4. f4 Bg7 5. Nf3 c5 6. Bb5+ Bd7 7. Bxd7+ Nbxd7 8.
d5 O-O 9. O-O Qc7 10. Qe2 e6 11. dxe6 fxe6 12. Rd1 Qc6 13. Qd3 Ne8 14. Be3
1/2-1/2

[Event "2.BLW"]
[Site "?"]
[Date "2006.12.02"]
[Round "4"]
[White "Eybl, Alexander"]
[Black "Kroell, Johannes"]
[Result "1-0"]
[WhiteElo "2253"]
[BlackElo "2176"]
[PlyCount "79"]
[EventDate "2006.??.??"]
[SourceDate "2006.10.21"]

1. e4 g6 2. d4 Bg7 3. Nc3 d6 4. Be3 Nd7 5. Qd2 e6 6. a4 a6 7. a5 h6 8. Bd3 Ne7
9. Nge2 c5 10. f4 Qc7 11. dxc5 Nxc5 12. Na4 Bd7 13. Nb6 Rd8 14. Bd4 Bxd4 15.
Nxd4 O-O 16. O-O Bc6 17. f5 Kh7 18. f6 Ng8 19. Rae1 e5 20. Nxc6 bxc6 21. b4 Nd7
22. Nxd7 Rxd7 23. Kh1 Ra8 24. Bc4 Qd8 25. Qe2 Nxf6 26. Bxa6 Nxe4 27. Qxe4 Rxa6
28. Qc4 Raa7 29. Qxc6 f5 30. Qd5 Qh4 31. c4 Rdc7 32. Rc1 Rab7 33. b5 Qe7 34.
Rfd1 Rc5 35. Qd2 Qc7 36. b6 Qf7 37. Qb4 Qc7 38. Rb1 Rxc4 39. bxc7 Rcxb4 40.
Rxb4 1-0

[Event "2.BLW"]
[Site "?"]
[Date "2006.12.02"]
[Round "4"]
[White "Dobosz, Henryk"]
[Black "Ivanov, Mikhail M"]
[Result "0-1"]
[WhiteElo "2419"]
[BlackElo "2425"]
[PlyCount "78"]
[EventDate "2006.??.??"]
[SourceDate "2006.10.21"]

1. d4 Nf6 2. Bg5 Ne4 3. Bf4 c5 4. f3 Nf6 5. d5 g6 6. e4 d6 7. Ne2 Bg7 8. Nec3
O-O 9. a4 Nh5 10. Bg5 h6 11. Be3 e6 12. Bc4 e5 13. Qd2 Kh7 14. Ne2 f5 15. Nbc3
f4 16. Bf2 Nd7 17. Nc1 Bf6 18. g4 fxg3 19. hxg3 Bg5 20. Be3 Kg7 21. Kf2 Qf6 22.
Be2 Bf4 23. gxf4 exf4 24. Bd4 cxd4 25. Nb5 Ne5 26. Ke1 Ng3 27. Rh2 g5 28. Nxd4
g4 29. Ra3 gxf3 30. Nxf3 Nxe4 31. Qb4 Ng5 32. Rf2 Ng4 33. Nxg5 hxg5 34. Bxg4
Bxg4 35. Qxb7+ Kg6 36. Re3 Qd4 37. Ree2 Bxe2 38. Nxe2 Rae8 39. Qc6 Qe5 0-1

[Event "2.BLW"]
[Site "?"]
[Date "2006.12.02"]
[Round "4"]
[White "Lawitsch, Guenther"]
[Black "Eisenbeiser, Amadeus"]
[Result "1-0"]
[WhiteElo "2294"]
[BlackElo "2352"]
[PlyCount "129"]
[EventDate "2006.??.??"]
[SourceDate "2006.10.21"]

1. d4 c5 2. d5 Nf6 3. Nc3 e6 4. e4 d6 5. Nf3 exd5 6. exd5 Be7 7. Bb5+ Nbd7 8.
a4 O-O 9. O-O a6 10. Be2 b6 11. h3 Ne8 12. Bf4 Ndf6 13. Nd2 Nc7 14. Nc4 Rb8 15.
Bf3 b5 16. axb5 axb5 17. Na5 Bd7 18. Nc6 Bxc6 19. dxc6 Ne6 20. Ra7 Rb6 21. Re1
Nxf4 22. c7 Qd7 23. Rxe7 Qxe7 24. c8=N Qd8 25. Nxb6 Qxb6 26. Rb7 Qd8 27. Rxb5
Ne6 28. Nd5 Nd4 29. Rb7 Nxd5 30. Bxd5 Qg5 31. Ba2 Qd8 32. c3 Nc6 33. Rxf7 Rxf7
34. Bxf7+ Kxf7 35. Qd5+ Kf8 36. Qxc6 Qb8 37. Qd7 h5 38. Qf5+ Ke7 39. Qg5+ Kf8
40. Qf4+ Kg8 41. b4 cxb4 42. cxb4 Kh7 43. Qf5+ g6 44. Qd7+ Kh8 45. b5 Qb6 46.
Qc6 Qd4 47. b6 Qa1+ 48. Kh2 Qe5+ 49. g3 h4 50. Qf3 hxg3+ 51. Qxg3 Qb2 52. Qe3
Kg7 53. Kg2 Kf6 54. Qf3+ Ke6 55. Qe4+ Kf6 56. Qh4+ Kf5 57. Qg4+ Kf6 58. Qf3+
Ke6 59. Qc6 Qb4 60. b7 Kf6 61. Kf3 g5 62. Ke2 Qb2+ 63. Kd3 Qb1+ 64. Kc4 Qf1+
65. Kb4 1-0

[Event "2.BLW"]
[Site "?"]
[Date "2006.12.02"]
[Round "4"]
[White "Schmidlechner, Alexander"]
[Black "Riedl, Johannes"]
[Result "1-0"]
[WhiteElo "2246"]
[BlackElo "2143"]
[PlyCount "77"]
[EventDate "2006.??.??"]
[SourceDate "2006.10.21"]

1. d4 f5 2. g3 Nf6 3. Bg2 g6 4. Nh3 Bg7 5. c3 d5 6. Nd2 Nbd7 7. Nf4 Nf8 8. h4
Ne6 9. Nd3 O-O 10. Nf3 Qd6 11. Bf4 Nxf4 12. gxf4 b6 13. e3 Ba6 14. Nde5 e6 15.
Ng5 Ne4 16. Bxe4 dxe4 17. h5 h6 18. Nh3 g5 19. Ng6 g4 20. Nxf8 Rxf8 21. Ng1 Qc6
22. Ne2 Rd8 23. Qd2 Bf8 24. b3 b5 25. O-O Qe8 26. Ng3 Be7 27. Kg2 Bb7 28. Qe2
Bh4 29. Rh1 Bf6 30. Rad1 Qc6 31. c4 bxc4 32. Qxc4 Qxc4 33. bxc4 Ba6 34. Rc1 Rb8
35. d5 Rb2 36. dxe6 Bc8 37. Rb1 Rxb1 38. Rxb1 Bxe6 39. Rb7 1-0

[Event "2.BLW"]
[Site "?"]
[Date "2006.12.02"]
[Round "4"]
[White "Thoeny, Hermann"]
[Black "Scheffknecht, Philipp"]
[Result "0-1"]
[WhiteElo "2175"]
[BlackElo "2178"]
[PlyCount "124"]
[EventDate "2006.??.??"]
[SourceDate "2006.10.21"]

1. b4 e5 2. Bb2 f6 3. e4 d5 4. exd5 Qxd5 5. Nc3 Qf7 6. a3 Nc6 7. Bb5 Bd7 8.
Nge2 O-O-O 9. O-O Nge7 10. d3 Nf5 11. Bxc6 Bxc6 12. b5 Bd5 13. Nxd5 Qxd5 14.
Nc3 Qd7 15. a4 Nd4 16. Ne4 Ne6 17. Bc1 Be7 18. Be3 Kb8 19. Nd2 f5 20. f3 Bc5
21. Bxc5 Nxc5 22. Qe2 Rhe8 23. Kh1 Qd4 24. a5 Re6 25. Rfe1 Na4 26. Nc4 Nc3 27.
Qe3 Qxe3 28. Rxe3 Rd5 29. b6 Rb5 30. d4 Nd5 31. Ree1 e4 32. bxa7+ Kxa7 33. Ne5
Nb4 34. Re2 exf3 35. gxf3 Ra6 36. Nc4 Nc6 37. c3 Nxa5 38. Nxa5 Rbxa5 39. Rxa5
Rxa5 40. Re7 Kb6 41. Rxg7 Ra3 42. Rf7 Rxc3 43. Rxf5 Kc6 44. Kg2 b5 45. Rf8 b4
46. Rb8 Rc4 47. Rd8 Kb7 48. Rd5 c6 49. Rd7+ Kb6 50. Rxh7 b3 51. Rh8 Rb4 52.
Rb8+ Ka5 53. Ra8+ Kb5 54. Ra1 b2 55. Rb1 Kc4 56. h4 Kc3 57. h5 Kc2 58. Rh1 b1=Q
59. Rxb1 Kxb1 60. f4 Rxd4 61. Kg3 c5 62. f5 c4 0-1

[Event "2.BLW"]
[Site "?"]
[Date "2006.12.02"]
[Round "4"]
[White "Kranz, Armin"]
[Black "Kapferer, R."]
[Result "1-0"]
[WhiteElo "2163"]
[BlackElo "2065"]
[PlyCount "115"]
[EventDate "2006.??.??"]
[SourceDate "2006.10.21"]

1. d4 f5 2. Nf3 Nf6 3. g3 g6 4. Bg2 Bg7 5. c4 d6 6. Nc3 O-O 7. O-O Qe8 8. Re1
Qf7 9. b3 Ne4 10. Bb2 Nd7 11. Qc2 Ndf6 12. e3 Nxc3 13. Bxc3 Ne4 14. Bb2 c6 15.
Rad1 Bd7 16. Nd2 Nxd2 17. Rxd2 e5 18. dxe5 dxe5 19. Red1 Be6 20. Rd6 Rfe8 21.
Qc3 e4 22. Qc2 Bxb2 23. Qxb2 Qg7 24. Qd2 Qe5 25. Qb4 Rab8 26. Bf1 Qg7 27. c5
Kf8 28. h4 Qf7 29. Qc3 Qg7 30. R1d4 Bd5 31. Bc4 Bxc4 32. Qxc4 Qf7 33. Qc3 Kg8
34. Qd2 Re7 35. Qa5 a6 36. Qc3 Rbe8 37. Rd2 Qg7 38. Qc4+ Qf7 39. Qc3 Qg7 40.
R2d4 Qe5 41. Kg2 Qg7 42. a4 Qf7 43. Qb2 Qg7 44. b4 Kf8 45. b5 axb5 46. axb5
cxb5 47. Qxb5 Qf7 48. Rb6 Rc7 49. Rdd6 Kg8 50. Rf6 Qe7 51. Qb3+ Kh8 52. Rfe6
Qf7 53. Qb2+ Kg8 54. Rxe8+ Qxe8 55. Rxb7 Rxb7 56. Qxb7 Qd8 57. c6 Qd1 58. c7
1-0

[Event "2.BLW"]
[Site "?"]
[Date "2006.12.02"]
[Round "4"]
[White "Novkovic, Milan"]
[Black "Ginsburg, Gennadij"]
[Result "1/2-1/2"]
[WhiteElo "2394"]
[BlackElo "2506"]
[PlyCount "68"]
[EventDate "2006.??.??"]
[SourceDate "2006.10.21"]

1. Nf3 d5 2. g3 Nf6 3. Bg2 c5 4. O-O Nc6 5. d4 cxd4 6. Nxd4 e6 7. c4 Be7 8. Nc3
O-O 9. cxd5 exd5 10. Be3 Re8 11. Qa4 Na5 12. Rad1 Bd7 13. Qc2 Rc8 14. Qb1 Be6
15. h3 Nc4 16. Bc1 Qb6 17. b3 Nd6 18. Bb2 Nde4 19. Nxe4 Nxe4 20. Nxe6 Qxe6 21.
Qd3 Bf6 22. Bxf6 Qxf6 23. e3 Re5 24. Bxe4 dxe4 25. Qd7 Rce8 26. Qxb7 h5 27. Rd5
h4 28. g4 Rxd5 29. Qxd5 Qf3 30. Qd7 Rf8 31. Kh2 Qe2 32. Kg2 Qf3+ 33. Kh2 Qe2
34. Kg2 Qf3+ 1/2-1/2

[Event "2.BLW"]
[Site "?"]
[Date "2006.12.02"]
[Round "4"]
[White "Hugentobler, Patrick"]
[Black "Gaertner, Guntram"]
[Result "1/2-1/2"]
[WhiteElo "2236"]
[BlackElo "2331"]
[PlyCount "88"]
[EventDate "2006.??.??"]
[SourceDate "2006.10.21"]

1. e4 c6 2. d4 d5 3. e5 Bf5 4. Be3 Qb6 5. Qc1 e6 6. c4 dxc4 7. Bxc4 Qd8 8. Nc3
Nd7 9. Nge2 Nb6 10. Bb3 Ne7 11. O-O Ned5 12. Ng3 Bg6 13. f4 Qd7 14. Nce4 Bxe4
15. Nxe4 Nxe3 16. Qxe3 O-O-O 17. Rfd1 Nd5 18. Qf3 g6 19. Rac1 Kb8 20. Nc5 Bxc5
21. dxc5 Qe7 22. a3 g5 23. Bxd5 Rxd5 24. Rxd5 exd5 25. b4 Re8 26. Rf1 gxf4 27.
Qxf4 Qxe5 28. Qxf7 h5 29. h3 h4 30. Qf4 Qxf4 31. Rxf4 Rh8 32. Kf2 a5 33. g4
hxg3+ 34. Kxg3 axb4 35. axb4 Ka7 36. h4 Ka6 37. Kg4 b6 38. cxb6 Kxb6 39. h5 Kb5
40. Kg5 Rg8+ 41. Kf5 Rf8+ 42. Kg5 Rg8+ 43. Kf6 Rf8+ 44. Kg5 Rg8+ 1/2-1/2

[Event "2.BLW"]
[Site "?"]
[Date "2006.12.02"]
[Round "4"]
[White "Grabher, Heinz"]
[Black "Sucher, Johannes"]
[Result "0-1"]
[WhiteElo "2311"]
[BlackElo "2155"]
[PlyCount "96"]
[EventDate "2006.??.??"]
[SourceDate "2006.10.21"]

1. e4 d5 2. exd5 Nf6 3. d4 Bg4 4. Be2 Bxe2 5. Qxe2 Qxd5 6. Nf3 Nc6 7. O-O O-O-O
8. Be3 e6 9. c4 Qh5 10. Nc3 Rg8 11. Rfd1 g5 12. d5 g4 13. dxc6 gxf3 14. Rxd8+
Kxd8 15. Qd1+ Bd6 16. g3 Ng4 17. Qxf3 Qxh2+ 18. Kf1 Nxe3+ 19. Ke2 Nf5 20. cxb7
c6 21. Rd1 Kc7 22. Ne4 Bxg3 23. Nf6 Bxf2 24. Rd7+ Kb8 25. Nxg8 Nd4+ 26. Rxd4
Bxd4+ 27. Kd3 Qf2 28. Qxc6 Qe3+ 29. Kc2 Qe2+ 30. Kb3 Qxb2+ 31. Ka4 Qxa2+ 32.
Kb4 Qb2+ 33. Ka4 Qc2+ 34. Kb4 Bc3+ 35. Kc5 Qf5+ 36. Kd6 Bb4+ 37. Kd7 e5+ 38.
Kd8 Ba5+ 39. Ke7 Qe6+ 40. Qxe6 fxe6 41. Kd7 Kxb7 42. c5 e4 43. c6+ Kb8 44. Nf6
e3 45. Ne4 e2 46. Nc3 e1=Q 47. Nd5 exd5 48. c7+ Bxc7 0-1

[Event "2.BLW"]
[Site "?"]
[Date "2006.12.02"]
[Round "4"]
[White "Atlas, Dimitry"]
[Black "Doskocil, Klaus"]
[Result "1/2-1/2"]
[WhiteElo "2294"]
[BlackElo "2146"]
[PlyCount "37"]
[EventDate "2006.??.??"]
[SourceDate "2006.10.21"]

1. e4 e6 2. d4 d5 3. Nd2 Nf6 4. e5 Nfd7 5. Bd3 c5 6. c3 Nc6 7. Ne2 cxd4 8. cxd4
f6 9. exf6 Nxf6 10. Nf3 Bd6 11. O-O Qc7 12. Bg5 O-O 13. Bh4 Nh5 14. Bg3 Nf4 15.
Nxf4 Bxf4 16. Qc2 g6 17. Ne5 Bxe5 18. Bxe5 Qf7 19. f4 1/2-1/2

[Event "2.BLW"]
[Site "?"]
[Date "2006.12.02"]
[Round "4"]
[White "Burschowsky, Matthias"]
[Black "Froewis, Georg"]
[Result "0-1"]
[WhiteElo "2211"]
[BlackElo "2112"]
[PlyCount "152"]
[EventDate "2006.??.??"]
[SourceDate "2006.10.21"]

1. Nf3 d5 2. c4 e6 3. b3 c6 4. Bb2 a5 5. e3 Nf6 6. a3 Nbd7 7. Be2 Bd6 8. d3 O-O
9. O-O b5 10. Nbd2 e5 11. Qc2 Qe7 12. Rfc1 Bb7 13. Nf1 a4 14. b4 e4 15. c5 Bc7
16. Nd4 Ne5 17. Ng3 Nxd3 18. Bxd3 Bxg3 19. hxg3 exd3 20. Qxd3 Rae8 21. Nf5 Qe6
22. Nd6 Re7 23. Bxf6 Qxf6 24. Rd1 Bc8 25. Qd4 Qg6 26. Qf4 Re6 27. Rac1 Qh5 28.
g4 Qg6 29. Rd4 h5 30. gxh5 Qxh5 31. Qh2 Qxh2+ 32. Kxh2 Rh6+ 33. Kg1 g6 34. g4
Kg7 35. Kg2 Rfh8 36. Rg1 Be6 37. Kf1 Rh1 38. Rf4 R8h4 39. Ne8+ Kf8 40. Nd6 Ke7
41. Rd4 g5 42. f3 R1h2 43. Rg2 Rh1+ 44. Rg1 R1h2 45. Rg2 R2h3 46. Kf2 Rh1 47.
Rd3 Rb1 48. Kg3 Rhh1 49. Rgd2 Rhg1+ 50. Kh3 Rh1+ 51. Kg3 Rbg1+ 52. Kf2 Ra1 53.
Kg3 Rhb1 54. Nb7 Kd7 55. Na5 Kc7 56. Kf2 Rf1+ 57. Kg3 Rg1+ 58. Kh2 Rh1+ 59. Kg3
f5 60. gxf5 Bxf5 61. e4 dxe4 62. fxe4 Rh3+ 63. Kf2 Rh2+ 64. Ke3 Re1+ 65. Kd4
Rxd2 66. Rxd2 Rxe4+ 67. Kc3 Re3+ 68. Kb2 g4 69. Rf2 Be6 70. Rf6 g3 71. Rg6 Bd5
72. Rg7+ Kd8 73. Nb7+ Ke8 74. Nd6+ Kf8 75. Rg5 Re2+ 76. Kc3 g2 0-1

[Event "2.BLW"]
[Site "?"]
[Date "2006.12.02"]
[Round "4"]
[White "Medvegy, Zoltan"]
[Black "Anistratov, Dmitrij"]
[Result "1-0"]
[WhiteElo "2518"]
[BlackElo "2315"]
[PlyCount "99"]
[EventDate "2006.??.??"]
[SourceDate "2006.10.21"]

1. d4 d6 2. e4 Nf6 3. Nc3 e5 4. dxe5 dxe5 5. Qxd8+ Kxd8 6. Bc4 Be6 7. Bxe6 fxe6
8. f3 Bd6 9. Be3 Ke7 10. Nge2 Nc6 11. O-O h6 12. Na4 Nd7 13. b3 b5 14. Nb2 Bc5
15. Kf2 Bxe3+ 16. Kxe3 Rhd8 17. a4 b4 18. Nd3 Rab8 19. Rad1 g5 20. h4 Nf6 21.
hxg5 hxg5 22. Rh1 Rh8 23. Rxh8 Rxh8 24. c3 bxc3 25. Rc1 Rb8 26. Rxc3 Kd6 27.
Nc5 Nb4 28. Nd3 Nxd3 29. Rxd3+ Ke7 30. Rc3 Kd6 31. Nc1 Nh5 32. Nd3 Nf4 33. Nb2
Nxg2+ 34. Kd2 Nh4 35. Nc4+ Ke7 36. Nxe5 Rb7 37. b4 Kf6 38. Nc6 a6 39. Kc2 Ng6
40. Kb3 Ne5 41. a5 Nf7 42. Rc5 e5 43. Ka4 Nd6 44. Rxe5 Nb5 45. Rf5+ Kg6 46. Rf8
Na7 47. Rb8 Rb5 48. Rg8+ Kf7 49. Nxa7 Rb7 50. Ra8 1-0

[Event "2.BLW"]
[Site "?"]
[Date "2006.12.02"]
[Round "4"]
[White "Novkovic, Julia"]
[Black "Dovzik, Juri"]
[Result "0-1"]
[WhiteElo "2158"]
[BlackElo "2416"]
[PlyCount "62"]
[EventDate "2006.??.??"]
[SourceDate "2006.10.21"]

1. e4 c5 2. Nc3 a6 3. g3 b5 4. Bg2 Bb7 5. d3 e6 6. Nh3 Nf6 7. O-O d6 8. f4 b4
9. Ne2 Be7 10. f5 exf5 11. Rxf5 O-O 12. c4 bxc3 13. bxc3 Nc6 14. Rb1 Qc7 15.
Nef4 Rab8 16. Qf1 Bc8 17. Rxb8 Qxb8 18. Nh5 Bxf5 19. Qxf5 Nxh5 20. Qxh5 Qb1 21.
Qd1 Bf6 22. Qd2 Ne5 23. Nf2 Rb8 24. h4 Qa1 25. Kh2 Rb1 26. Ba3 h5 27. Kh3 Ng4
28. e5 Bxe5 29. Bd5 Qxc3 30. Qg5 Nxf2+ 31. Kg2 Qxd3 0-1

[Event "2.BLW"]
[Site "?"]
[Date "2006.12.02"]
[Round "4"]
[White "Bensch, Patrick"]
[Black "Gsteu, Peter"]
[Result "1-0"]
[WhiteElo "2225"]
[BlackElo "2056"]
[PlyCount "57"]
[EventDate "2006.??.??"]
[SourceDate "2006.10.21"]

1. e4 c5 2. Nf3 d6 3. d4 cxd4 4. Nxd4 Nf6 5. Nc3 a6 6. f3 e5 7. Nb3 Be6 8. Be3
Nbd7 9. g4 Nb6 10. g5 Nfd7 11. Qd2 Be7 12. O-O-O Rc8 13. h4 Qc7 14. Kb1 Nc4 15.
Bxc4 Qxc4 16. h5 b5 17. Na5 Qc7 18. Nd5 Bxd5 19. exd5 Nb8 20. f4 Bd8 21. Nb3 f6
22. h6 g6 23. gxf6 Bxf6 24. fxe5 Bxe5 25. Rhf1 Rf8 26. Nd4 Bxd4 27. Bxd4 Rf7
28. Bc3 Kf8 29. Qd4 1-0

[Event "2.BLW"]
[Site "?"]
[Date "2006.12.02"]
[Round "4"]
[White "Klocker, Benedikt"]
[Black "Ager, Josef"]
[Result "0-1"]
[WhiteElo "2028"]
[BlackElo "2196"]
[PlyCount "64"]
[EventDate "2006.??.??"]
[SourceDate "2006.10.21"]

1. e4 e5 2. Nf3 Nc6 3. d4 exd4 4. Nxd4 Bc5 5. Be3 Qf6 6. c3 Nge7 7. Bc4 Ne5 8.
Be2 Qg6 9. Bf3 O-O 10. Nd2 Nd3+ 11. Kf1 Ne5 12. g3 Nxf3 13. Qxf3 d6 14. Kg2 f5
15. exf5 Nxf5 16. Nxf5 Bxf5 17. Qxb7 Bxe3 18. fxe3 Rab8 19. Qxc7 Rxb2 20. Rhd1
Bg4 21. Qc4+ Kh8 22. Kg1 Bxd1 23. Rxd1 Qc2 24. Rf1 Rxf1+ 25. Qxf1 h6 26. Nf3
Qxc3 27. Nd2 Qxe3+ 28. Kh1 Rxd2 29. Qf8+ Kh7 30. Qf5+ Kg8 31. Qc8+ Kf7 32. Qc4+
Kf6 0-1

[Event "2.BLW"]
[Site "?"]
[Date "2006.12.03"]
[Round "5"]
[White "Anistratov, Dmitrij"]
[Black "Deglmann, Ludwig"]
[Result "0-1"]
[WhiteElo "2315"]
[BlackElo "2341"]
[PlyCount "106"]
[EventDate "2006.??.??"]
[SourceDate "2006.10.21"]

1. e4 g6 2. d4 Bg7 3. Nc3 d6 4. Nf3 a6 5. a4 b6 6. Bc4 e6 7. Bg5 Qd7 8. O-O h6
9. Bf4 Bb7 10. Re1 Ne7 11. Qd2 g5 12. Bg3 Ng6 13. h4 g4 14. Nh2 h5 15. f4 Nc6
16. d5 exd5 17. Bxd5 O-O-O 18. a5 b5 19. Bf2 Rdg8 20. f5 Bh6 21. Qd1 Nge5 22.
g3 Nb4 23. Bxb7+ Kxb7 24. Nd5 Nxd5 25. Qxd5+ c6 26. Qd4 c5 27. Qd5+ Qc6 28.
Red1 Kc7 29. Kg2 Qxd5 30. Rxd5 Bg7 31. Rad1 Rd8 32. b3 Nc6 33. Be3 Be5 34. Bd2
f6 35. Nf1 Rhe8 36. Rd3 c4 37. bxc4 bxc4 38. Ra3 d5 39. exd5 Rxd5 40. Ne3 Rd4
41. Be1 Rxd1 42. Nxd1 Bd4 43. Kf1 Kd6 44. Bd2 Kd5 45. Ne3+ Bxe3 46. Bxe3 Nb4
47. Bf4 Nxc2 48. Ra2 Nd4 49. Rb2 Nb3 50. Rb1 Re4 51. Rd1+ Rd4 52. Re1 c3 53.
Re6 Rxf4+ 0-1

[Event "2.BLW"]
[Site "?"]
[Date "2006.12.03"]
[Round "5"]
[White "Gatterer, Florian"]
[Black "Novkovic, Julia"]
[Result "1-0"]
[WhiteElo "2206"]
[BlackElo "2158"]
[PlyCount "73"]
[EventDate "2006.??.??"]
[SourceDate "2006.10.21"]

1. b3 e5 2. Bb2 Nc6 3. e3 g6 4. f4 Bg7 5. Nf3 d6 6. Bb5 Bd7 7. O-O Nge7 8. fxe5
Nxe5 9. Nxe5 Bxb5 10. Nxf7 Bxb2 11. Nxd8 Bxf1 12. Ne6 Kd7 13. Nc3 Bxa1 14. Qxa1
Ba6 15. Nf4 Rhf8 16. d3 Rf7 17. Qd1 h5 18. Qe1 Raf8 19. Qg3 Kc8 20. h4 Kb8 21.
Qg5 Re8 22. e4 Ref8 23. Ne6 Rf1+ 24. Kh2 R8f6 25. Nd4 Nc6 26. Nf3 Rf8 27. Qxg6
Rf2 28. Kg1 Rxc2 29. Nd5 Bxd3 30. Qh6 Rg8 31. Ng5 Nd4 32. Qh7 Rf8 33. Qe7 Rf1+
34. Kh2 b5 35. Ne3 Rf4 36. Nxc2 Nxc2 37. Ne6 1-0

[Event "2.BLW"]
[Site "?"]
[Date "2006.12.03"]
[Round "5"]
[White "Kanonier, Clemens"]
[Black "Hengl, Christian"]
[Result "0-1"]
[WhiteElo "2094"]
[BlackElo "2224"]
[PlyCount "84"]
[EventDate "2006.??.??"]
[SourceDate "2006.10.21"]

1. d4 d6 2. e4 g6 3. a3 Bg7 4. f4 Nd7 5. Nf3 c5 6. Bc4 e6 7. c3 a6 8. O-O b5 9.
Bd3 Qb6 10. Be3 Bb7 11. Nbd2 Ngf6 12. Kh1 O-O 13. Qe1 Ng4 14. Bg1 Rfe8 15. h3
Nh6 16. Qh4 f5 17. dxc5 dxc5 18. e5 Nf7 19. Rad1 Qd8 20. Qg3 Qe7 21. h4 Rad8
22. Be2 Kh8 23. c4 b4 24. axb4 cxb4 25. Nb3 Rg8 26. c5 Bd5 27. Rxd5 exd5 28.
Nfd4 Nxc5 29. Nxc5 Qxc5 30. Ne6 Qc2 31. Nxd8 Nxd8 32. Qd3 Qxb2 33. Bd4 Qa3 34.
Qxa3 bxa3 35. Bxa6 Ne6 36. Ba1 Rb8 37. g3 Nc5 38. Be2 a2 39. Kg2 Rb1 40. Rd1
Kg8 41. Rxd5 Rxa1 42. Bc4 Kf8 0-1

[Event "2.BLW"]
[Site "?"]
[Date "2006.12.03"]
[Round "5"]
[White "Fuchs, G."]
[Black "Natter, Markus"]
[Result "1/2-1/2"]
[WhiteElo "2209"]
[BlackElo "2102"]
[PlyCount "61"]
[EventDate "2006.??.??"]
[SourceDate "2006.10.21"]

1. e4 d5 2. Nc3 dxe4 3. Nxe4 Qd5 4. Nc3 Qd6 5. d4 Nf6 6. Nge2 a6 7. Bf4 Qd7 8.
g3 e6 9. Bh3 Nc6 10. O-O Ne7 11. Be5 b5 12. Bxf6 gxf6 13. Bg2 c6 14. Ne4 Nd5
15. Nf4 Be7 16. Qf3 f5 17. Nc5 Qa7 18. Nfd3 Rg8 19. b3 Bf6 20. c4 Ne7 21. Nb4
Bxd4 22. Nxc6 Qxc5 23. Nxe7 Kxe7 24. Rad1 Ra7 25. b4 Qxc4 26. Qf4 e5 27. Rfe1
Be6 28. Qh4+ Kf8 29. Qd8+ Kg7 30. Qg5+ Kf8 31. Qd8+ 1/2-1/2

[Event "2.BLW"]
[Site "?"]
[Date "2006.12.03"]
[Round "5"]
[White "Gsteu, Peter"]
[Black "Jedinger, Andreas"]
[Result "1/2-1/2"]
[WhiteElo "2056"]
[BlackElo "2147"]
[PlyCount "42"]
[EventDate "2006.??.??"]
[SourceDate "2006.10.21"]

1. d4 Nf6 2. c4 g6 3. Nc3 Bg7 4. e4 d6 5. Nge2 a6 6. g3 O-O 7. Bg2 Nbd7 8. O-O
c5 9. h3 Rb8 10. Re1 b5 11. cxb5 axb5 12. dxc5 b4 13. Nd5 Nxc5 14. Nd4 Bd7 15.
Bg5 e6 16. Nxf6+ Bxf6 17. Bxf6 Qxf6 18. Nb3 Ba4 19. Qxd6 Nxb3 20. e5 Qd8 21.
axb3 Bxb3 1/2-1/2

[Event "2.BLW"]
[Site "?"]
[Date "2006.12.03"]
[Round "5"]
[White "Muehlbacher, Bernhard"]
[Black "Klocker, Benedikt"]
[Result "1-0"]
[WhiteElo "2094"]
[BlackElo "2028"]
[PlyCount "83"]
[EventDate "2006.??.??"]
[SourceDate "2006.10.21"]

1. c4 e5 2. Nc3 Nc6 3. g3 g6 4. Bg2 Bg7 5. e3 d6 6. Nge2 Be6 7. Nd5 Qd7 8. Rb1
Nge7 9. b4 Nd8 10. h4 c6 11. Nxe7 Qxe7 12. Qc2 O-O 13. O-O Rc8 14. Ba3 d5 15.
c5 Kh8 16. d3 f5 17. f4 Nf7 18. Bb2 h6 19. Kf2 g5 20. hxg5 hxg5 21. Rh1+ Kg8
22. Rbg1 Nh6 23. Rxh6 Bxh6 24. Bxe5 Rf7 25. Nd4 Rh7 26. Bd6 Qf7 27. Nf3 g4 28.
Ne5 Qe8 29. d4 Bf8 30. Bxf8 Qxf8 31. Qb1 Qe8 32. Rh1 Rxh1 33. Qxh1 Rc7 34. Qh6
Rh7 35. Qg5+ Rg7 36. Qf6 Qe7 37. Qh6 Rh7 38. Qg6+ Rg7 39. Qh6 a6 40. Ng6 Qc7
41. Qh8+ Kf7 42. Ne5+ 1-0